000 004550000a22001810004500
003 MACL
005 20151230171515.0
008 151230b xxu||||| |||| 00| 0 eng d
040 _aMACL
_cMACL
041 _aEnglish
082 _a294.551/BER
100 _aBerreman, Gerald
_925309
245 _aHindus of The Himalayas
260 _bOxford University Press
_c1963
_aBombay
350 _a25
650 _aReligion
_925310
942 _cBK
_k294.551/BER
_2ddc
999 _c35849
_d35849